00955cam a22002534b 4500003000500000005001700005008004100022020001800063040001900081043001200100082001700112245010200129250001200231260004800243300004600291336002700337337002900364338002800393504005100421650004100472700001900513700001700532776015200549322820231109094753.02023 s2023 sa a b 001 0 eng d a9780409041439 ardabengc3228 af-sa---04a658.406 ORGA00aOrganisation development and transformation in South Africa /ceditors, Marius Meyer, Eben Botha. a2nd ed. aDurban :bLexisNexis Butterworths,c©2004. axxx, 455 pages :billustrations ;c24 cm. atextbtxt2rdacontent. aunmediatedbn2rdamedia. avolumebnc2rdacarrier. aIncludes bibliographical references and index. 0aOrganizational changezSouth Africa.1 aMeyer, Marius.1 aBotha, Eben.08iOnline version:tOrganisation development and transformation in South Africa.b2nd ed.dDurban : LexisNexis Butterworths, ©2004w(OCoLC)654982028.